00398nam a2200109Ia 4500008004100000082000800041100005900049245006400108942000600172952009500178999001500273240331s9999 xx 000 0 und d bREA aThe reader's digest great encyclopaedic dictionary. ed 4aThe reader's digest great encyclopaedic dictionary :bvol.3 cL 001040708LaWERCLbWERCLcSSCd2024-03-31l0o 030 REAp3275r2024-03-31w2024-03-31yL c3274d3274